000 00936cad a22002295a 4500
001 E151747
008 101207s2010 xxk f 100 0 eng d
020 _a9781842196199
035 _a(Sirsi) u151747
041 0 _aeng
100 1 _aHatfield, Anthony
111 2 _aConstruction and Building Research Conference
_cDauphine Universite, Paris
_d2-3 September 2010
245 0 0 _aConstruction students' perspective of computer aided assessment at the University of Wolverhampton, UK
_h[electronic resource]
260 _aLondon
_bRICS
_c2010
520 _aA paper presented at the COBRA Conference in Paris on 2-3 September 2010.
590 _aKA
650 2 4 _aCONSTRUCTION AND BUILDING RESEARCH CONFERENCE (COBRA)
651 4 _aUnited Kingdom
_y
690 _aCAREERS, EDUCATION AND TRAINING
856 4 0 _uhttps://www.rics.org/site/scripts/download_info.aspx?fileID=7872&categoryID=720
_zBroken link - not available
942 _n0
999 _c111589
_d111589